| 000 | 01327nam a2200373 c 4500 | ||
|---|---|---|---|
| 001 | 16367 | ||
| 003 | ES-MaCES | ||
| 005 | 20160629131904.0 | ||
| 008 | 040405s2001 lu bd t m000 | eng d | ||
| 020 | _a9289414006 | ||
| 035 | _aCES20040005409m | ||
| 040 |
_aES-MaCES _bspa _cES-MaCES |
||
| 245 | 0 | 0 |
_aConsumers in Europe _b: facts and figures : data 1996-2000 _c[European Commission] |
| 250 | _a2001 ed | ||
| 260 |
_aLuxembourg _bOffice for Official Publications of the European Communities _c2001 |
||
| 300 |
_a290 p. _bgráf., mapas col. _c30 cm |
||
| 490 | 1 | _aTheme 3, Population and social conditions. Panorama of the European Union | |
| 541 | _cCompra | ||
| 650 | 4 |
_aconsumidor _927902 |
|
| 650 | 4 |
_acomportamiento del consumidor _927903 |
|
| 650 | 4 |
_agasto de consumo _927905 |
|
| 650 | 4 |
_aEuropa _926940 |
|
| 650 | 4 |
_a1996-2000 _931148 |
|
| 650 | 4 |
_acuadros estadísticos _928890 |
|
| 653 | 1 | 0 | _aEstadísticas económico-sociales |
| 650 | 4 |
_929020 _apaís de la UE |
|
| 650 | 4 |
_926752 _aUE |
|
| 787 | 0 |
_tConsumers in Europe _w(ES-MaCES)18550 |
|
| 710 | 2 |
_92014 _aComisión de las Comunidades Europeas |
|
| 830 | 0 |
_aTheme 3, Population and social conditions _pPanorama of the European Union _933791 |
|
| 902 | _aLIB Libro | ||
| 942 |
_2CES _cBK _h8.2. |
||
| 999 |
_c16367 _d16367 |
||